000 00603nam a2200181Ia 4500
008 090123s9999 xx 000 0 und d
082 _b33555
100 _aकणेकर शिरिष मधुकर
245 _aडॉलरच्या देशा
250 _a1
260 _bलिटरेट वर्ल्ड
_c2002
300 _a179
600 _aकणेकर शिरिष मधुकर
630 _aडॉलरच्या देशा
700 _aकणेकर शिरिष मधुकर
730 _aडॉलरच्या देशा
942 _cBOOK
999 _c71614
_d71614